<?xml version="1.0" encoding="UTF-8"?>
<collection xmlns="http://www.loc.gov/MARC21/slim">
  <record>
    <leader>00000nam  2200000   4500</leader>
    <controlfield tag="001">INLIS000000000020562</controlfield>
    <controlfield tag="005">20250721110554</controlfield>
    <datafield tag="035" ind1="#" ind2="#">
      <subfield code="a">0010-0725000092</subfield>
    </datafield>
    <controlfield tag="007">ta</controlfield>
    <controlfield tag="008">250721################|##########|#|##</controlfield>
    <datafield tag="084" ind1="#" ind2="#">
      <subfield code="a">R 172 PKN II 2023</subfield>
    </datafield>
    <datafield tag="100" ind1=" " ind2="#">
      <subfield code="a">Rachmatia Handayani</subfield>
    </datafield>
    <datafield tag="245" ind1="1" ind2="#">
      <subfield code="a">Digitalisasi Dalam Pengarusutamaan Pembangunan Kawasan Perdesaan /</subfield>
      <subfield code="c">Rachmatia Handayani</subfield>
    </datafield>
    <datafield tag="260" ind1="#" ind2="#">
      <subfield code="a">Jakarta :</subfield>
      <subfield code="b">Pusbangkom Pimnas dan Manajerial ASN,</subfield>
      <subfield code="c">2023</subfield>
    </datafield>
    <datafield tag="300" ind1="#" ind2="#">
      <subfield code="a">45 hlm. ;</subfield>
      <subfield code="c">30 cm</subfield>
    </datafield>
    <datafield tag="650" ind1="#" ind2="4">
      <subfield code="a">Digitalisasi</subfield>
    </datafield>
    <datafield tag="520" ind1="#" ind2="#">
      <subfield code="a">Branding proyek perubahan ini adalah SAPA KADES, yang merupakan akronim dari proyek perubahan digitalisasi dalam pengarusutamaan pembangunan kawasan perdesaan, yang dimaknai adanya inovasi berupa digitalisasi dalam pelaksanaan pembangunan kawasan, yang memaknai Desa sebagai subjek dan objek pembangunan. SAPA KADES sebagai icon yang juga mengingatkan bahwa pembangunan sangat dekat dengan Desa sebagaimana semangat yang digaungkan oleh Presiden Republik Indonesia, yakni membangun Indonesia dari pinggiran dengan memperkuat daerah-daerah dan desa dalam rangka negara kesatuan.</subfield>
    </datafield>
    <datafield tag="990" ind1="#" ind2="#">
      <subfield code="a">2407172</subfield>
    </datafield>
  </record>
</collection>
